50 literacy strategies : (رقم التسجيلة. 31639)
[ عرض عادي ]
| 000 -الفاتح | |
|---|---|
| حقل البيانات ثابتة الطول | 00996cam a2200301 a 4500 |
| 001 - رقم الضبط | |
| رقم الضبط | 17212953 |
| 003 - محدد رقم الضبط | |
| رقم الضبط | OSt |
| 005 - وقت وتاريخ اخر تعامل مع التسجيلة | |
| رقم الضبط | 20150408114146.0 |
| 008 - عناصر البيانات ثابتة الطول - معلومات عامة | |
| حقل البيانات ثابتة الطول | 120316s2013 maua b 001 0 eng |
| 010 ## - رقم ضبط مكتبة الكونجرس | |
| رقم ضبط مكتبة الكونجرس | 2012008749 |
| 020 ## - الرقم الدولى المعيارى للكتب | |
| الرقم الدولى المعيارى للكتاب | 013294491X |
| 040 ## - مصدر الفهرسة | |
| وكالة الفهرسة الأصلية | DLC |
| وكالة النسخ | DLC |
| وكالة التعديل | DLC |
| 043 ## - رمز المنطقة الجغرافية | |
| رمز المنطقة الجغرافية | n-us--- |
| 050 00 - رقم طلب مكتبة الكونجرس | |
| رقم التصنيف | LB1576 |
| رقم المادة | .T653 2013 |
| 082 00 - رقم تصنيف ديوى العشرى | |
| رقم التصنيف | 372.6 |
| رقم الطبعة | 23 |
| رقم المادة | TGL |
| 100 1# - المدخل الرئيسى - إسم شخصى | |
| الإسم الشخصى | Tompkins, Gail E. |
| 9 (RLIN) | 38764 |
| 245 10 - بيان العنوان | |
| العنوان | 50 literacy strategies : |
| بقية العنوان | step by step / |
| بيان المسئوليه,etc | Gail E. Tompkins. |
| 246 3# - العنوان الموازى | |
| عنوان صحيح/عنوان مختصر | Fifty literacy strategies |
| 250 ## - بيان الطبعة | |
| بيان الطبعة | 4th ed. |
| 260 ## - PUBLICATION, DISTRIBUTION, ETC. (IMPRINT) | |
| مكان الناشر او الموزع | Boston : |
| اسم الناشر او الموزع | Pearson, |
| تاريخ النشر أو التوزيع | c2013. |
| 300 ## - الوصف المادى | |
| التعداد | vi, 161 p. : |
| تفاصيل ماديه اخرى للوعاء | ill. ; |
| أبعاد الوعاء | 28 cm. |
| 504 ## - تبصرة ببليوجرافية | |
| تبصرة ببليوجرافية,الخ | Includes bibliographical references and index. |
| 650 #0 - المدخل الاضافى بالموضوع-مصطلح موضوعى | |
| مصطلح موضوعي أو اسم جغرافي كعنصر مدخل | Language arts (Elementary) |
| التقسيم الفرعي الجغرافي | United States. |
| 9 (RLIN) | 38765 |
| 650 #0 - المدخل الاضافى بالموضوع-مصطلح موضوعى | |
| مصطلح موضوعي أو اسم جغرافي كعنصر مدخل | Language arts (Middle school) |
| التقسيم الفرعي الجغرافي | United States. |
| 9 (RLIN) | 38766 |
| 906 ## - عنصر بيانات محلى F, LDF (RLIN) | |
| a | 7 |
| b | cbc |
| c | orignew |
| d | 1 |
| e | ecip |
| f | 20 |
| g | y-gencatlg |
| 942 ## - عناصر المدخل الإضافي( كوها) | |
| مصدر التصنيف او مخطط الترفيف | Dewey Decimal Classification |
| Koha [default] item type | كتاب |
| حالة الفقد | نموذج السعر الفعال | حالة تلف | ليس للاعارة | رقم الطلب | تاريخ الاكتساب | الموقع الحالي | الباركود | الفرع الرئيسي | Date last seen | نوع المادة فى نظام كوها | مصدر التصنيف او خطة الترفيف | Total Checkouts |
|---|---|---|---|---|---|---|---|---|---|---|---|---|
| 2013-10-31 | 372.6 TGL | 2013-10-31 | المكتبة المركزية بالمجمعة (CL) | 00403145 | المكتبة المركزية بالمجمعة (CL) | 2013-10-31 | كتاب | Dewey Decimal Classification | ||||
| 2013-10-31 | 372.6 TGL | 2013-10-31 | المكتبة المركزية بالمجمعة (CL) | 00403146 | المكتبة المركزية بالمجمعة (CL) | 2013-10-31 | كتاب | Dewey Decimal Classification | ||||
| 2013-10-31 | 372.6 TGL | 2013-10-31 | المكتبة المركزية بالمجمعة (CL) | 00403147 | المكتبة المركزية بالمجمعة (CL) | 2013-10-31 | كتاب | Dewey Decimal Classification | ||||
| 2013-10-31 | 372.6 TGL | 2013-10-31 | كلية الشريعة والقانون - طلاب | 00403148 | كلية الشريعة والقانون - طلاب | 2013-10-31 | كتاب | Dewey Decimal Classification | ||||
| 2013-10-31 | 372.6 TGL | 2013-10-31 | كلية الشريعة والقانون - طلاب | 00403149 | كلية الشريعة والقانون - طلاب | 2013-10-31 | كتاب | Dewey Decimal Classification |
